Pashanim - grünewürfelflow Tracklist - Statistiken

Allgemein
  • Dieses Quiz wurde 44 mal gespielt
  • Das Durchschnittsergebnis liegt bei 5 aus 7
Antwortstatistiken
Songs % Korrekt
Shabab(e)s im VIP
90%
2 Sitza
85%
Niketown
78%
who do you love
73%
Babymilo
68%
Minimum Prozente
66%
intro efendi
63%
Keine übereinstimmenden Quizze gefunden
Verteilung der Resultate
Anzahl Personen mit jedem Resultat
Perzentil nach korrekt beantworteten Fragen
Ihre Resultats-Entwicklung
Sie haben dieses Quiz noch nicht gespielt